| 000 | 00652nam a22002177a 4500 | ||
|---|---|---|---|
| 005 | 20260423083112.0 | ||
| 008 | 260423b |||||||| |||| 00| 0 eng d | ||
| 020 |
_a9788119679003 _c180 |
||
| 040 | _aMAIN | ||
| 041 | _aasm | ||
| 082 |
_a301.0922 _bBOR |
||
| 100 |
_aBora, B. _qBora, Biranci Kumar |
||
| 245 |
_aসমাজ্তাত্ত্ৱিক্ চিন্তাবিদ্ / somajtatwik chintabid _bsociological thinker |
||
| 250 | _a1st ed. | ||
| 260 |
_aJorhat _bBidya Bhawan _c2025 |
||
| 300 |
_a175 _c14 x 21 |
||
| 505 | _aNEP for 4th sem sociology | ||
| 650 | _asociology | ||
| 700 | _bGayan, Priyanka | ||
| 942 |
_2ddc _cBK |
||
| 999 |
_c16426 _d16426 |
||